Największe miasta w Meksyku - Statystyki

Ogólne statystyki
  • Ten quiz został rozwiązany 861 razy
  • Średni wynik to 6 z 20
Statystyki odpowiedzi
Populacja Miasto % Poprawnych
8 843 706 Meksyk
100%
1 385 621 Guadalajara
75%
1 142 952 Monterrey
63%
1 810 645 Tijuana
52%
888 797 Cancún
45%
1 542 232 Puebla
35%
921 771 Mérida
29%
1 501 551 Ciudad Juarez
27%
1 579 803 León
26%
925 762 Chihuahua
23%
854 186 Mexicali
14%
855 563 Hermosillo
13%
845 941 San Luis Potosí
13%
864 431 Saltillo
10%
1 257 547 Zapopan
10%
863 893 Aguascalientes
9%
808 416 Culiacán
8%
1 643 623 Ecatepec de Morelos
7%
1 072 676 Nezahualcóyotl
6%
911 168 Naucalpan de Juárez
5%
Nie znaleziono quizów pasujących do podanych kryteriów
Rozkład punktacji
Procent ludzi z każdym wynikiem
Percentyl według liczby udzielonych odpowiedzi
Twoja historia wyników
Nie rozwiązałeś tego quizu